000 01470cam a2200349 i 4500
999 _c1732
_d1732
001 18443278
003 OSt
005 20230120162433.0
008 150109s2015 nyua c 000 1 eng
010 _a 2014045518
020 _a9780316405683 (paperback : alk. paper)
040 _aDLC
_beng
_cDLC
_erda
_dDLC
_dKH8
042 _alcac
_apcc
082 0 0 _aFIC DAN
_223
100 1 _aDaneshvari, Gitty,
_eauthor.
245 1 4 _aThe League of Unexceptional Children /
_cby Gitty Daneshvari ; illustrated by James Lancett.
250 _aFirst Edition.
264 1 _aNew York ;
_aBoston :
_bLittle, Brown and Company,
_c2015.
300 _a234 pages :
_billustrations ;
_c20 cm
336 _atext
_2rdacontent
337 _aunmediated
_2rdamedia
338 _avolume
_2rdacarrier
520 _aEvanston, Virginia, twelve-year-olds Jonathan Murray and Shelley Brown are completely average and forgettable until they are recruited to help the League of Unexceptional Children save the Vice President of the United States, who has been kidnapped along with an important code.
650 1 _aSpies
_vFiction.
650 1 _aVice-Presidents
_vFiction.
650 1 _aKidnapping
_vFiction.
650 1 _aHumorous stories.
700 1 _aLancett, James,
_eillustrator.
906 _a7
_bcbc
_corignew
_d1
_eecip
_f20
_gy-gencatlg
942 _2ddc
_cFIC